जादुSां अक्षयपात्र/जादुगार शतकेपट आणि विव्य तलवार / भुताने (Record no. 328305)

MARC details
000 -LEADER
fixed length control field 01136nam a2200169Ia 4500
008 - FIXED-LENGTH DATA ELEMENTS--GENERAL INFORMATION
fixed length control field 090711s9999 xx 000 0 und d
082 ## - DEWEY DECIMAL CLASSIFICATION NUMBER
Item number 146
100 ## - MAIN ENTRY--PERSONAL NAME
Personal name Sाक्रपाणी मीरा / शिंदे प्राSाी / कुलकर्णी नलि
245 ## - TITLE STATEMENT
Title जादुSां अक्षयपात्र/जादुगार शतकेपट आणि विव्य तलवार / भुताने
260 ## - PUBLICATION, DISTRIBUTION, ETC. (IMPRINT)
Name of publisher, distributor, etc अमोल प्रकाशन
Date of publication, distribution, etc 1998
300 ## - PHYSICAL DESCRIPTION
Extent 16+16+16
600 ## - SUBJECT ADDED ENTRY--PERSONAL NAME
Personal name Sाक्रपाणी मीरा / शिंदे प्राSाी / कुलकर्णी नलि
630 ## - SUBJECT ADDED ENTRY--UNIFORM TITLE
Uniform title जादुSां अक्षयपात्र/जादुगार शतकेपट आणि विव्य तलवार / भुताने
700 ## - ADDED ENTRY--PERSONAL NAME
Personal name Sाक्रपाणी मीरा / शिंदे प्राSाी / कुलकर्णी नलि
730 ## - ADDED ENTRY--UNIFORM TITLE
Uniform title जादुSां अक्षयपात्र/जादुगार शतकेपट आणि विव्य तलवार / भुताने
942 ## - ADDED ENTRY ELEMENTS (KOHA)
Koha item type Book

No items available.